NFL STARS .. WHICH COLLEGE ARE THEY FROM? #3 - Statistics

General Stats
  • This quiz has been taken 172 times
  • The average score is 13 of 20
Answer Stats
Hint Answer % Correct
Josh Allen Wyoming
93%
Christian McCaffrey Stanford
90%
DK Metcalf Ole Miss
87%
Bijan Robinson Texas
85%
Travis Etienne Clemson
83%
Russell Wilson Wisconsin
80%
Jaylen Waddle Alabama
79%
George Kittle Iowa
74%
Jonathan Taylor Wisconsin
71%
Kenneth Walker III Michigan St
67%
Kirk Cousins Michigan St
67%
Puka Nacua BYU
65%
Geno Smith West Virginia
63%
Mike Williams Clemson
50%
Tyreek Hill West Alabama
50%
Dalvin Cook Florida St
49%
Michael Pittman Jr. USC
49%
Mark Andrews Oklahoma
46%
Aaron Jones UTEP
38%
Tyler Lockett Kansas St
32%
No matching quizzes found
Score Distribution
Percent of People with Each Score
Percentile by Number Answered
Your Score History
You have not taken this quiz